LIBRARY & INFORMATION CENTRE, KCAET, TAVANUR

ONLINE PUBLIC ACCESS CATALOGUE (OPAC)

Sassya paristhithi vijnanam / (Record no. 6064)

MARC details
000 -LEADER
fixed length control field 00460cam a2200181ua 4500
041 ## - LANGUAGE CODE
Language code of text/sound track or separate title mal
082 ## - DEWEY DECIMAL CLASSIFICATION NUMBER
Classification number 630
Item number KOS/SA
100 ## - MAIN ENTRY--AUTHOR NAME
Personal name Koshy, Cheriyan .
245 ## - TITLE STATEMENT
Title Sassya paristhithi vijnanam /
250 ## - EDITION STATEMENT
Edition statement 1 /
260 ## - PUBLICATION, DISTRIBUTION, ETC. (IMPRINT)
Place of publication Thiruvananthapuram :
Name of publisher State Instititute of Languages ,
Year of publication 1972.
300 ## - PHYSICAL DESCRIPTION
Number of Pages 130 ; .
942 ## - ADDED ENTRY ELEMENTS (KOHA)
Koha item type Books
Holdings
Withdrawn status Lost status Damaged status Home library Current library Date acquired Full call number Accession Number Koha item type
Withdrawn     KAUAET KAUAET 07/04/2012 630 13493 Books
      KAUAET KAUAET 26/10/2023 630 KOS/SA 13732 Books
      KAUAET KAUAET 26/10/2023 630 KOS/SA 13496 Books
      KAUAET KAUAET 26/10/2023 630 KOS/SA 13736 Books
free website counter